|
|
|
|
| LEADER |
00000nab a2200000 a 4500 |
| 001 |
vtls011111149 |
| 003 |
SK-MaSNL |
| 005 |
20260303150436.0 |
| 008 |
230222|1999 xo |||||||||||||||||slo| |
| 015 |
|
|
|a SNBRB
|
| 035 |
|
|
|a (uuid)44351174-870a-4e06-bce4-03553a9282f4
|
| 035 |
|
|
|a (urnnbn)urn:nbn:sk:snk:ar-a08f68
|
| 035 |
|
|
|a urn:nbn:sk:snk-ab9ht7
|
| 040 |
|
|
|a SNKBUCL
|b slo
|c SNKBUCL
|e AACR2
|
| 041 |
0 |
|
|a slo
|
| 044 |
|
|
|a xo
|c SK
|
| 100 |
1 |
|
|a Peterka, Jozef,
|d 1963-
|4 aut
|9 215071
|
| 245 |
1 |
0 |
|a POČÍTAČOVÁ PODPORA TVORBY KRESLENÝCH TECHNOLOGICKÝCH POSTUPOV
|c Jozef Peterka
|
| 773 |
0 |
|
|t Vedecké práce Materiálovotechnologickej fakulty Slovenskej technickej univerzity v Bratislave so sídlom v Trnave
|g Č. 7 (1999), s. 37-41
|
| 954 |
|
|
|a odborná, vedecká literatúra pôvodná (slovenská)
|2 lita
|
| 958 |
|
|
|a OND
|
| 958 |
|
|
|a EUIPO
|
| 958 |
|
|
|a article13
|
| 999 |
|
|
|c 2010692
|d 2012622
|